Barry the bravest Saint Bernard / (Record no. 7229)

MARC details
000 -LEADER
fixed length control field 01030nam a22003137a 4500
001 - CONTROL NUMBER
control field 7229
003 - CONTROL NUMBER IDENTIFIER
control field FISKH
005 - DATE AND TIME OF LATEST TRANSACTION
control field 20250703101839.0
008 - FIXED-LENGTH DATA ELEMENTS--GENERAL INFORMATION
fixed length control field 250703b cb ||||| |||| 00| 0 eng d
020 ## - INTERNATIONAL STANDARD BOOK NUMBER
International Standard Book Number 9780679830542
040 ## - CATALOGING SOURCE
Original cataloging agency FISKH
Language of cataloging eng
Transcribing agency FISKH
Modifying agency FISKH
050 ## - LIBRARY OF CONGRESS CALL NUMBER
Classification number SF429.S3 H35
082 ## - DEWEY DECIMAL CLASSIFICATION NUMBER
Classification number 636.73
100 ## - MAIN ENTRY--PERSONAL NAME
Personal name Hall, Lynn
Dates associated with a name (1937–2023)
245 ## - TITLE STATEMENT
Title Barry the bravest Saint Bernard /
Statement of responsibility, etc. By Lynn Hall ; Illustrated by Antoio Castro /
250 ## - EDITION STATEMENT
Edition statement This edition first published in 1992
260 ## - PUBLICATION, DISTRIBUTION, ETC.
Place of publication, distribution, etc. Canada :
Name of publisher, distributor, etc. Random House,
Date of publication, distribution, etc. 1973
300 ## - PHYSICAL DESCRIPTION
Extent 46 pages :
Other physical details color illustrations ;
Dimensions 23 cm
490 ## - SERIES STATEMENT
Series statement Step into reading
Volume/sequential designation Grades 2-4
505 ## - FORMATTED CONTENTS NOTE
Formatted contents note N<br/>
520 ## - SUMMARY, ETC.
Summary, etc. Relates the feats of Barry, the St. Bernard dog whose name, to this day, honors the best dog at the St. Bernard Monastery.<br/>
521 8# - TARGET AUDIENCE NOTE
Target audience note 550<br/>
Source Lexile<br/>
521 8# - TARGET AUDIENCE NOTE
Target audience note N<br/>
Source Raz-Plus<br/>
650 ## - SUBJECT ADDED ENTRY--TOPICAL TERM
Source of heading or term Animals
Topical term or geographic name entry element Switzerland
650 ## - SUBJECT ADDED ENTRY--TOPICAL TERM
Source of heading or term Dog
Topical term or geographic name entry element Historical fiction
700 ## - ADDED ENTRY--PERSONAL NAME
Personal name Castro, Antonio
Dates associated with a name illustrator
942 ## - ADDED ENTRY ELEMENTS (KOHA)
Source of classification or shelving scheme Dewey Decimal Classification
Koha item type Books
Suppress in OPAC No
Holdings
Withdrawn status Lost status Source of classification or shelving scheme Damaged status Not for loan Collection Home library Current library Shelving location Date acquired Total Checkouts Full call number Barcode Date last seen Copy number Price effective from Koha item type
    Dewey Decimal Classification     Juvenile Fiction Footprints International School Library Network Toul Tom Poung Campus Footprints International School Library Network Toul Tom Poung Campus TTP Primary Yellow Bookshelves 07/03/2025   HAL 636.73 SF429.S3 H35 2025-1741 07/03/2025 1 07/03/2025 Books